Blood on the Clocktower Roles - Statistics

General Stats
  • This quiz has been taken 25 times
  • The average score is 105 of 178
Answer Stats
Role type Role % Correct
Outsider Drunk
100%
Demon Imp
100%
Demon Po
100%
Minion Poisoner
100%
Outsider Saint
100%
Minion Scarlet Woman
100%
Minion Devil's Advocate
93%
Demon Legion
93%
Townsfolk Washerwoman
93%
Townsfolk Atheist
87%
Minion Baron
87%
Townsfolk Clockmaker
87%
Townsfolk Empath
87%
Demon Fang Gu
87%
Townsfolk Fortune Teller
87%
Townsfolk Investigator
87%
Townsfolk Librarian
87%
Townsfolk Mayor
87%
Demon Pukka
87%
Outsider Recluse
87%
Townsfolk Sailor
87%
Demon Shabaloth
87%
Minion Spy
87%
Demon Zombuul
87%
Demon Al-Hadikhia
80%
Townsfolk Artist
80%
Minion Assassin
80%
Outsider Butler
80%
Townsfolk Chef
80%
Minion Evil Twin
80%
Outsider Lunatic
80%
Minion Mastermind
80%
Townsfolk Monk
80%
Townsfolk Poppy Grower
80%
Townsfolk Ravenkeeper
80%
Townsfolk Undertaker
80%
Townsfolk Virgin
80%
Minion Witch
80%
Minion Cerenovus
73%
Townsfolk Chambermaid
73%
Outsider Damsel
73%
Townsfolk Dreamer
73%
Townsfolk Flowergirl
73%
Townsfolk Innkeeper
73%
Demon Lleech
73%
Townsfolk Lycanthrope
73%
Demon No Dashii
73%
Minion Psychopath
73%
Demon Riot
73%
Townsfolk Slayer
73%
Townsfolk Soldier
73%
Demon Vigormortis
73%
Demon Vortox
73%
Minion Wizard
73%
Townsfolk Alchemist
67%
Townsfolk Amnesiac
67%
Traveller Apprentice
67%
Townsfolk Farmer
67%
Townsfolk Fisherman
67%
Townsfolk Gambler
67%
Minion Goblin
67%
Minion Godfather
67%
Outsider Goon
67%
Townsfolk Gossip
67%
Traveller Gunslinger
67%
Outsider Heretic
67%
Outsider Mutant
67%
Townsfolk Noble
67%
Demon Ojo
67%
Minion Pit-Hag
67%
Townsfolk Snake Charmer
67%
Townsfolk Tea Lady
67%
Traveller Thief
67%
Minion Wraith
67%
Demon Yaggababble
67%
Townsfolk Choirboy
60%
Townsfolk Grandmother
60%
Minion Harpy
60%
Townsfolk Huntsman
60%
Traveller Judge
60%
Townsfolk Juggler
60%
Townsfolk King
60%
Outsider Klutz
60%
Townsfolk Knight
60%
Demon Lil' Monsta
60%
Minion Marionette
60%
Townsfolk Nightwatchman
60%
Outsider Ogre
60%
Townsfolk Professor
60%
Outsider Puzzlemaster
60%
Townsfolk Savant
60%
Outsider Sweetheart
60%
Outsider Tinker
60%
Townsfolk Acrobat
53%
Townsfolk Alsaahir
53%
Townsfolk Balloonist
53%
Traveller Beggar
53%
Fabled Buddhist
53%
Townsfolk Cannibal
53%
Townsfolk Exorcist
53%
Minion Fearmonger
53%
Townsfolk Fool
53%
Traveller Gangster
53%
Loric Hindu
53%
Demon Kazali
53%
Demon Leviathan
53%
Demon Lord of Typhon
53%
Traveller Matron
53%
Outsider Moonchild
53%
Townsfolk Philosopher
53%
Townsfolk Sage
53%
Townsfolk Shugenja
53%
Minion Widow
53%
Outsider Zealot
53%
Outsider Barber
47%
Minion Boffin
47%
Minion Boomdandy
47%
Loric Bootlegger
47%
Traveller Cacklejack
47%
Townsfolk Cult Leader
47%
Townsfolk General
47%
Traveller Gnome
47%
Traveller Harlot
47%
Townsfolk Magician
47%
Townsfolk Mathematician
47%
Minion Mezepheles
47%
Townsfolk Pacifist
47%
Outsider Politician
47%
Loric Pope
47%
Fabled Sentinel
47%
Townsfolk Steward
47%
Minion Vizier
47%
Traveller Voudon
47%
Minion Xaan
47%
Traveller Barista
40%
Traveller Bishop
40%
Traveller Bone Collector
40%
Traveller Bureaucrat
40%
Traveller Butcher
40%
Traveller Deviant
40%
Fabled Djinn
40%
Townsfolk Engineer
40%
Outsider Golem
40%
Outsider Hermit
40%
Townsfolk High Priestess
40%
Townsfolk Minstrel
40%
Townsfolk Oracle
40%
Minion Organ Grinder
40%
Townsfolk Pixie
40%
Townsfolk Preacher
40%
Townsfolk Princess
40%
Townsfolk Seamstress
40%
Outsider Snitch
40%
Minion Summoner
40%
Townsfolk Town Crier
40%
Townsfolk Village Idiot
40%
Fabled Angel
33%
Townsfolk Banshee
33%
Loric Big Wig
33%
Townsfolk Courtier
33%
Fabled Ferryman
33%
Fabled Fiddler
33%
Loric Gardener
33%
Outsider Hatter
33%
Loric Storm Catcher
33%
Loric Tor
33%
Fabled Toymaker
33%
Fabled Deus ex Fiasco
27%
Fabled Doomsayer
27%
Fabled Hell's Librarian
27%
Outsider Plague Doctor
27%
Traveller Scapegoat
27%
Loric Zenomancer
27%
Townsfolk Bounty Hunter
20%
Fabled Duchess
20%
Fabled Spirit of Ivory
20%
Fabled Fibbin
13%
Fabled Revolutionary
13%
No matching quizzes found
Score Distribution
Percent of People with Each Score
Percentile by Number Answered
Your Score History
You have not taken this quiz